| 000 | 00672nam a2200217 a 4500 | ||
|---|---|---|---|
| 001 | BRL_212 | ||
| 005 | 20190320210634.0 | ||
| 008 | 851008s1978 mx-a######---#000-0#spa-# | ||
| 040 |
_aDLC _cDLC _dDLC |
||
| 041 | _aspa | ||
| 044 | _amx | ||
| 050 | 4 |
_aF1391 _b.S26 1978 |
|
| 245 | 1 | 0 |
_aSan Cristóbal de Las Casas (antigua ciudad real) _b450 aniversario de su fundación : ensayos. |
| 260 |
_aMéxico _bPatronato Fray Bartolomé de Las Casas _c1978 |
||
| 300 |
_a274 p. _bil. _c22 cm. |
||
| 500 | _aAu229 | ||
| 651 | 4 |
_aSan Cristóbal de Las Casas (Chiapas) _xHistoria _923249 |
|
| 710 | 2 |
_aPatronato Fray Bartolomé de Las Casas _923250 |
|
| 902 | _aGRL | ||
| 942 |
_2lcc _cB |
||
| 999 |
_c9025 _d9025 |
||